Building regulations, codes and standards : a guide for safe, sustainable and healthy development / Mark Key. (Record no. 20251)

000 -LEADER
fixed length control field 00960cam a2200205 i 4500
020 ## - INTERNATIONAL STANDARD BOOK NUMBER
ISBN 9780727765352
082 04 - DEWEY DECIMAL CLASSIFICATION NUMBER
Classification number 343.07869
Item number K442 2023
100 1# - MAIN ENTRY--AUTHOR NAME
Personal name Key, Mark, author.
245 10 - TITLE STATEMENT
Title Building regulations, codes and standards : a guide for safe, sustainable and healthy development / Mark Key.
260 ## - PUBLICATION, DISTRIBUTION, ETC. (IMPRINT)
Place of publication London :
Name of publisher ICE Publishing,
Year of publication ©2023.
300 ## - PHYSICAL DESCRIPTION
Number of Pages xxviii, 220 pages :
Other physical details illustrations ; 25 cm.
500 ## - GENERAL NOTE
General note Includes bibliographical references and index.
650 #0 - SUBJECT ADDED ENTRY--TOPICAL TERM
Topical Term Building laws -- England -- Handbooks, manuals, etc.
650 #0 - SUBJECT ADDED ENTRY--TOPICAL TERM
Topical Term Building laws -- Wales -- Handbooks, manuals, etc.
650 #0 - SUBJECT ADDED ENTRY--TOPICAL TERM
Topical Term Sustainable construction -- Law and legislation -- England -- Handbooks, manuals, etc.
650 #0 - SUBJECT ADDED ENTRY--TOPICAL TERM
Topical Term Sustainable construction -- Law and legislation -- Wales -- Handbooks, manuals, etc.
650 #0 - SUBJECT ADDED ENTRY--TOPICAL TERM
Topical Term Sustainable buildings -- Law and legislation -- England.
650 #0 - SUBJECT ADDED ENTRY--TOPICAL TERM
Topical Term Sustainable buildings -- Law and legislation -- Wales.
942 ## - ADDED ENTRY ELEMENTS (KOHA)
Koha item type Books
Holdings
Source of acquisition Permanent Location Date acquired Koha item type Collection code Accession Number Lost status Shelving location Withdrawn status Current Location Full call number
SchoolCagayan State University - Carig Library2025-02-19BooksSocial Sciences010617 General Collection Cagayan State University - Carig Library343.07869 K442 2023

Cagayan State University University Library, Carig Campus
Tuguegarao City, Cagayan 3500 | www.csucarig.edu.ph

Powered by Koha